| 000 | 03131nam a2200265 a 4500 | ||
|---|---|---|---|
| 001 | 76203 | ||
| 003 | BD-RjUL | ||
| 005 | 20211209082816.0 | ||
| 008 | 191112r20091982bg |||| |||| 001 0 bbend | ||
| 020 | _a9844330912 (Set) | ||
| 035 | _a(BD-RjUL)76424 | ||
| 040 |
_aBD-RjUL _bben/eng _cBD-RjUL |
||
| 041 | _aben | ||
| 082 |
_a954.9205 _bBAB V-1-V-16 2009 |
||
| 110 | 1 |
_aবাংলাদেশ । তথ্য মন্ত্রণালয় _9234792 |
|
| 245 | 1 | 0 |
_aবাংলাদেশের স্বাধীনতা যুদ্ধ : _bদলিলপত্র / _cবাংলাদেশ । তথ্য মন্ত্রণালয় ; সম্পাদক : হাসান হাফিজুর রহমান |
| 260 |
_aঢাকা : _bহাক্কানী পাবলিশার্স, _c১৯৮২ {পুনর্মুদ্রণ ২০০৯] |
||
| 300 |
_a খণ্ড. ; _c২৪ সেমি. |
||
| 504 | _aনির্ঘন্ট সংযুক্ত | ||
| 505 | 0 | _aখণ্ড ১, পটভূমি (১৯০৫-১৯৫৮) : [১৮], ৮১১ পৃ. -- খণ্ড ২, পটভূমি (১৯৫৮-১৯৭১) : [২১], [১], ৮৭৬ পৃ. -- খণ্ড ৩, মুজিব নগর: প্রশাসন : [২৬], ৯৫১ পৃ. খণ্ড ৪, মুজিব নগর: প্রবাসী বাঙালীদের তৎপরতা : [২৬], ৭৩২ পৃ. -- খণ্ড ৫ মুজিব নগরঃ বেতার মাধ্যম : [১৯], ৫৪৮ পৃ. -- খণ্ড ৬, মুজিব নগরঃ গণ মাধ্যম: [৩০], ৭৬৭ পৃ. -- খণ্ড ৭, পাকিস্তানী দলিলপত্র: [২৬], ৭১২ পৃ. -- খণ্ড ৮ গণহত্যা, শরনার্থী,শিবির ও প্রাসঙ্গিক ঘটনা : [১০], [১৯], ৫৯২ পৃ. -- খণ্ড ৯ সশস্ত্র সংগ্রাম (১) : [১০], [২১], ৫২০ পৃ. --- খণ্ড ১০, সশস্ত্র সংগ্রাম (২) : [১০], [২১], ৫৯২ পৃ. -- খণ্ড ১১, সশস্ত্র সংগ্রাম (৩) : [১২], [২০], ৭৯১ পৃ. -- খণ্ড ১২, বিদেশী প্রতিক্রিয়াঃ ভারত : [১২], [২০], ৯৬৮ পৃ. -- খণ্ড ১৩, বিদেশী প্রতিক্রিয়াঃ জাতিসংঘ ও বিভিন্ন রাষ্ট্র [১০], [২২], ৯৯৬ পৃ. -- খণ্ড ১৪, বিশ্ব জনমত : [১২], [২০], ১০২৮ পৃ. -- খণ্ড ১৫, সাক্ষাৎকার : [১৪], [১৭], ৩৬৪ পৃ. -- | |
| 650 |
_aবাংলাদেশ _xইতিহাস _xমুক্তিযুদ্ধ _y ১৯৭১ _9117760 |
||
| 650 |
_aBangladesh _xHistory _xRevolution _y1971 _9117761 |
||
| 700 |
_aরহমান, হাসান হাফিজুর, সম্পাদক _9234814 |
||
| 942 |
_2ddc _cBK |
||
| 999 |
_c76203 _d76203 |
||